Cloud computing: theory and practice (Record no. 79419)

MARC details
000 -LEADER
fixed length control field 00761nam a2200169 a 4500
008 - FIXED-LENGTH DATA ELEMENTS--GENERAL INFORMATION
fixed length control field 150618s2013 ||||||||||||||||| || u
020 ## - INTERNATIONAL STANDARD BOOK NUMBER
International Standard Book Number 9780124046276
050 ## - LIBRARY OF CONGRESS CALL NUMBER
Classification number QA 76.585 Mar
100 ## - MAIN ENTRY--PERSONAL NAME
Personal name Marinescu, Dan C
245 10 - TITLE STATEMENT
Title Cloud computing: theory and practice
Statement of responsibility, etc. by Dan C. Marinescu
260 ## - PUBLICATION, DISTRIBUTION, ETC.
Place of publication, distribution, etc. Amsterdam
Name of publisher, distributor, etc. Morgan Kaufmann Publishers
Date of publication, distribution, etc. 2013
300 ## - PHYSICAL DESCRIPTION
Extent xvii, 396p. :ill.
350 ## -
-- 69.95
650 ## - SUBJECT ADDED ENTRY--TOPICAL TERM
Topical term or geographic name entry element CLOUD COMPUTING
995 ## -
-- MAIN LIBRARY OPEN ACCESS
-- 745250
-- CBU-MAIN LIBRARY (Kitwe)
-- 69.95
-- QA 76.585 Mar
-- 1
-- AVAILABLE
-- Sep 2, 2015
-- 745250
-- Main Library Open Access Collection
995 ## -
-- MAIN LIBRARY OPEN ACCESS
-- 745251
-- CBU-MAIN LIBRARY (Kitwe)
-- 69.95
-- QA 76.585 Mar
-- 2
-- AVAILABLE
-- Sep 2, 2015
-- 745251
-- Main Library Open Access Collection
999 ## -
-- 79419
-- 79419
Holdings
Withdrawn status Lost status Source of classification or shelving scheme Damaged status Not for loan Permanent Location Current Location Shelving location Date acquired Total Checkouts Full call number Barcode Date last seen Copy number Price effective from Koha item type
          CBU-MAIN LIBRARY, KITWE. CBU-MAIN LIBRARY, KITWE.   06/29/2023   QA 76.585 Mar 745250 06/29/2023 1 06/29/2023 MONOGRAPH
          CBU-MAIN LIBRARY, KITWE. CBU-MAIN LIBRARY, KITWE.   06/29/2023   QA 76.585 Mar 745251 06/29/2023 2 06/29/2023 MONOGRAPH